Etología: biología del comportamiento

Gardado en:
Detalles Bibliográficos
Autor Principal: Ruwet, Jean-Claude (Author)
Formato: Libro
Idioma:Lingua castelá
Publicado: Barcelona Herder 1975
Series:Biblioteca de Psicología, 21
Subjects:
Tags: Engadir etiqueta
Sen Etiquetas, Sexa o primeiro en etiquetar este rexistro!

MARC

LEADER 00000nam a2200000 a 4500
001 UCM8902
003 CL-VaPUC
008 030404e19750000SP |||||||||||||||||spa|d
082 0 4 |a 591.5  |b RUW  |2 21 
100 0 |a Ruwet, Jean-Claude  |e author  |9 475195 
245 1 0 |a Etología: biología del comportamiento 
300 |a 191 p 
942 |c BK 
945 |d 20030404 00:00:00  |a cmena 
260 |a Barcelona  |b Herder  |c 1975 
650 0 |a Psicología aplicada   |9 270762 
650 7 |a ETOLOGIA  |2 CL-VaPUC  |9 269657 
650 7 |a COMPORTAMIENTO ANIMAL  |2 CL-VaPUC  |9 334602 
583 |a last modification  |c 20130102 08:34:45  |k Rodrigo Vera 
490 0 |a Biblioteca de Psicología, 21 
999 |c 303318  |d 303316 
952 |0 0  |1 0  |4 0  |6 591_500000000000000_RUW_1975  |7 0  |8 P  |9 364529  |a BIBEDU  |b BIBEDU  |c BIBEDU_PB  |d 2019-11-21  |i 389052K  |o 591.5 RUW 1975  |p 389052K  |r 2024-01-25  |w 2019-11-21  |y BK  |k BME